Zákon Národnej rady Slovenskej republiky z 29. júna 1994

Zákon NR SR z 29. júna 1994, ktorým sa mení a dopĺňa zákon č.222/1992 Zb. o dani z pridanej hodnoty v znení neskorších predpisov a dopĺňa zákon Slovenskej národnej rady č.511/1992 Zb. o správe daní a poplatkov a o zmenách v sústave územných finančných orgánov v znení neskorších predpisov.

Gespeichert in:
Bibliographische Detailangaben
Format: Buchkapitel
Sprache:Slowakisch
Schlagworte:
Tags: Tag hinzufügen
Keine Tags, Fügen Sie das erste Tag hinzu!

MARC

LEADER 00000naa a2200000 4500
001 r015834
005 20221213114308.4
041 0 |a slo 
044 |a SK 
245 1 0 |a Zákon Národnej rady Slovenskej republiky z 29. júna 1994 
520 |a Zákon NR SR z 29. júna 1994, ktorým sa mení a dopĺňa zákon č.222/1992 Zb. o dani z pridanej hodnoty v znení neskorších predpisov a dopĺňa zákon Slovenskej národnej rady č.511/1992 Zb. o správe daní a poplatkov a o zmenách v sústave územných finančných orgánov v znení neskorších predpisov. 
610 2 0 |a zákony 
610 2 0 |a NR SR Bratislava 
610 2 0 |a 1992 
610 2 0 |a dane z hodnoty pridanej 
610 2 0 |a poplatky